Zo správy o činnosti odboru kontroly a štátneho dozoru Ministerstva práce, sociálnych vecí a rodiny SR

Podrobná bibliografia
Hlavný autor: Šmihla, Marián (Autor)
Médium: Článok
Jazyk:slovenčina
Predmet:

MARC

LEADER 00000nab a2200000 a 4500
001 vtls000686299
003 SK-MaSNL
005 20260305014726.0
008 180206c1999 xo 0 slo
015 |a SNBRB1999/03-06684 
035 |a CLN000038466 
040 |a SNKBUCL  |b slo  |c SNKBUCL  |e AACR2 
041 0 |a slo 
044 |a xo  |c SK 
080 |a 354.84.078.3(437.6)  |2 UDC-MRF-SK2 
100 1 |a Šmihla, Marián  |4 aut  |9 1374402 
245 1 0 |a Zo správy o činnosti odboru kontroly a štátneho dozoru Ministerstva práce, sociálnych vecí a rodiny SR  |c Marian Šmihla 
610 1 7 |a Slovensko.  |b Ministerstvo práce, sociálnych vecí a rodiny  |2 snkbucl  |9 131394 
648 7 |a 1998  |2 snkbucl  |9 282348 
655 7 |a články z novín a časopisov  |2 snkbucl  |9 267496 
773 0 |t Verejná správa  |g Č. 5 (1999) 
773 0 |t [Príl.] Kontrola vo verejnej správe  |g Roč. 2, č. 1, s. 17 
850 |a Slovenská národná knižnica v Martine 
852 |a SNK  |b KIS3GCP 
958 |a RBX 
999 |c 3271121  |d 3273051